| 000 | 00820nam a22002411u 4500 | ||
|---|---|---|---|
| 001 | 05925 | ||
| 003 | HDC | ||
| 007 | cr bn --- | ||
| 008 | 210122p2012 xx n 10 eng | ||
| 040 | _aHDC | ||
| 245 | 0 | _aAnalysis on the way of scale economy of Halal food and Moslem supplies industry of Ningxia / | |
| 260 |
_a[No place] : _b[publisher not identified], _c2012 |
||
| 300 | _a4 pages | ||
| 336 |
_atext _2rdacontent |
||
| 337 |
_acomputer _2rdamedia |
||
| 338 |
_aonline resource _2rdacarrier |
||
| 650 |
_aHalal food industry _zChina _96257 |
||
| 650 |
_aMuslims _9247 |
||
| 856 | _zRequest full-text at [email protected] | ||
| 942 | _2lcc | ||
| 942 | _cCONP | ||
| 942 | _kCONF 000012 | ||
| 999 |
_c3249 _d3249 |
||